[Event "Championnat de France 2006 - Open B"]
[Site "BESANCON"]
[Date "2006.08.19"]
[Round "5.3"]
[White "Pingue, Renaud"]
[Black "Contout, Aime"]
[Result "1-0"]
[WhiteElo "1932"]
[BlackElo "1808"]
[PlyCount "55"]
[EventDate "2006.??.??"]

1. e4 c5 2. Nf3 d6 3. d4 cxd4 4. Nxd4 Nf6 5. Nc3 a6 6. Be3 e5 7. Nb3 Be7 8. f3
Be6 9. Qd2 Nbd7 10. O-O-O Qc7 11. Kb1 b5 12. Nd5 Nxd5 13. exd5 Bf5 14. g4 Bg6
15. h4 f6 16. Bd3 Bf7 17. Be4 g6 18. Qd3 Qc4 19. Qxc4 bxc4 20. Na5 Rc8 21. c3
Nc5 22. Bxc5 Rxc5 23. Nc6 Rb5 24. Rhe1 Kd7 25. f4 exf4 26. Bf5+ gxf5 27. Rxe7+
Kc8 28. Rxf7 1-0

[Event "Championnat de France 2006 - Open B"]
[Site "BESANCON"]
[Date "2006.08.19"]
[Round "5.4"]
[White "Lafitte, Luc"]
[Black "Rodrigues, Gilbert"]
[Result "0-1"]
[WhiteElo "1942"]
[BlackElo "1890"]
[PlyCount "88"]
[EventDate "2006.??.??"]

1. e4 c5 2. Nc3 Nc6 3. g3 g6 4. Bg2 Bg7 5. d3 d6 6. f4 e6 7. Nf3 Nge7 8. Be3
Nd4 9. O-O O-O 10. Qd2 Rb8 11. Nd1 b6 12. c3 Nxf3+ 13. Bxf3 d5 14. e5 d4 15.
cxd4 cxd4 16. Bf2 Bb7 17. Qe2 Qd7 18. Be1 Bxf3 19. Qxf3 Qb5 20. Qe2 Rbc8 21.
Nf2 Nf5 22. Ne4 h5 23. Bf2 Rc6 24. Rfd1 Rfc8 25. h3 Rc2 26. Rd2 Qxb2 27. Rad1
Qxa2 28. g4 hxg4 29. hxg4 Ne3 30. Bxe3 dxe3 31. Qxe3 Rxd2 32. Rxd2 Rc1+ 33. Kf2
Qa1 34. Qh3 Qd4+ 35. Ke2 Qg1 36. d4 Qe1+ 37. Kd3 Ra1 38. Rc2 Qd1+ 39. Nd2 b5
40. Rc8+ Bf8 41. f5 Ra3+ 42. Rc3 Rxc3+ 43. Kxc3 Qc1+ 44. Kd3 Qa3+ 0-1

[Event "Championnat de France 2006 - Open B"]
[Site "BESANCON"]
[Date "2006.08.19"]
[Round "5.5"]
[White "Castro, John"]
[Black "Thomas, Fabien"]
[Result "1/2-1/2"]
[WhiteElo "1886"]
[BlackElo "1940"]
[PlyCount "46"]
[EventDate "2006.??.??"]

1. c4 c5 2. Nc3 Nf6 3. g3 Nc6 4. Bg2 g6 5. e3 Bg7 6. Nge2 O-O 7. O-O d6 8. d4
cxd4 9. exd4 Bg4 10. h3 Bd7 11. Be3 a6 12. Qd2 Rc8 13. Rad1 Qa5 14. b3 Rfd8 15.
Bh6 b5 16. Rfe1 bxc4 17. bxc4 Re8 18. Bxg7 Kxg7 19. Nf4 Qb4 20. Nfd5 Nxd5 21.
Nxd5 Qxd2 22. Rxd2 Na5 23. Nb6 Nxc4 1/2-1/2

[Event "Championnat de France 2006 - Open C"]
[Site "BESANCON"]
[Date "2006.08.19"]
[Round "5.3"]
[White "Farinone, Jean-Marc"]
[Black "Perradin, Vincent"]
[Result "1-0"]
[WhiteElo "1599"]
[BlackElo "1690"]
[PlyCount "77"]
[EventDate "2006.??.??"]

1. d4 d5 2. c4 e6 3. Nc3 Nf6 4. Bg5 Nbd7 5. Nf3 Be7 6. e3 O-O 7. Bd3 c6 8. O-O
Re8 9. Qc2 h6 10. Bf4 Nh5 11. cxd5 exd5 12. Nxd5 Nxf4 13. Nxf4 Bd6 14. Ne2 Nb6
15. h3 Nd5 16. a3 Bc7 17. Bf5 Nf6 18. Rac1 Be6 19. b4 Bd5 20. Nh2 Qd6 21. g3
Be4 22. Bxe4 Nxe4 23. Rfe1 g5 24. Nf1 Qe6 25. Kg2 h5 26. Nc3 Nf6 27. e4 h4 28.
e5 Nh5 29. Qe2 Qg6 30. Ne4 hxg3 31. Qxh5 gxf2 32. Qxg6+ fxg6 33. Kxf2 Rf8+ 34.
Nf6+ Kg7 35. Kg2 Rf7 36. Re4 Raf8 37. Rg4 Rxf6 38. exf6+ Rxf6 39. Rc3 1-0

[Event "Championnat de France 2006 - Open C"]
[Site "BESANCON"]
[Date "2006.08.19"]
[Round "5.4"]
[White "Tournier, Jean-Pascal"]
[Black "Saucey, Capucine"]
[Result "1/2-1/2"]
[WhiteElo "1560"]
[BlackElo "1660"]
[PlyCount "32"]
[EventDate "2006.??.??"]

1. e4 e5 2. Nf3 Nc6 3. Bb5 a6 4. Ba4 Nf6 5. O-O Be7 6. Re1 b5 7. Bb3 O-O 8. c3
d5 9. exd5 Nxd5 10. Nxe5 Nxe5 11. Rxe5 c6 12. d3 Bd6 13. Re1 Qh4 14. g3 Qh3 15.
Re4 Nf6 16. Rh4 Qf5 1/2-1/2

[Event "Championnat de France 2006 - Open C"]
[Site "BESANCON"]
[Date "2006.08.19"]
[Round "5.5"]
[White "Souquet, Amedee"]
[Black "Thelen, Sylvain"]
[Result "1-0"]
[WhiteElo "1660"]
[BlackElo "1570"]
[PlyCount "53"]
[EventDate "2006.??.??"]

1. c4 e5 2. Nf3 Nc6 3. d3 Nf6 4. Nc3 a6 5. g3 d6 6. Bg2 Be7 7. O-O O-O 8. Ne1
Be6 9. f4 exf4 10. Bxf4 d5 11. cxd5 Nxd5 12. Nxd5 Bxd5 13. Nf3 Bc5+ 14. Kh1 Re8
15. e4 Be6 16. Rc1 Bb6 17. a3 Rc8 18. Ng5 Qd4 19. Qh5 h6 20. Nxe6 fxe6 21. Qg6
Ne7 22. Qxe6+ Kh7 23. Be5 Ng6 24. Qxe8 Nxe5 25. Qxc8 Nxd3 26. Qf5+ Kh8 27. Rc2
1-0

[Event "Championnat de France 2006 - Vétérans"]
[Site "BESANCON"]
[Date "2006.08.19"]
[Round "5.1"]
[White "Labarthe, Arnaud"]
[Black "Meinsohn, Francis"]
[Result "0-1"]
[WhiteElo "2044"]
[BlackElo "2250"]
[PlyCount "144"]
[EventDate "2006.??.??"]

1. d4 d5 2. Nc3 c6 3. f3 g6 4. e4 Bg7 5. Be3 b5 6. exd5 b4 7. Ne4 cxd5 8. Ng3
Nf6 9. Qd2 Qb6 10. c4 dxc4 11. Bxc4 O-O 12. N1e2 Bb7 13. O-O Bd5 14. Rac1 Na6
15. Kh1 Rfc8 16. b3 Nc7 17. Nf4 a5 18. Qd3 e6 19. Ne4 Bxc4 20. bxc4 Qb7 21. Nd6
Qa6 22. Nxc8 Qxc8 23. Qe2 Qe8 24. Nd3 Nd7 25. Bf4 Na6 26. Ne5 Nb6 27. Qe4 Na4
28. Bd2 Rd8 29. f4 Rd6 30. Nf3 Qd8 31. Qc2 Nb6 32. c5 Rc6 33. Qd3 Nd7 34. Qb5
Nab8 35. Rfd1 f6 36. Be1 Qc7 37. Bf2 Bh6 38. g3 Bf8 39. Kg2 h6 40. Qd3 f5 41.
Ne5 Nf6 42. Nxg6 Qg7 43. Nxf8 Kxf8 44. Qb5 Qc7 45. Qe2 Nbd7 46. h3 Nd5 47. Be1
Qb7 48. Kh2 N7f6 49. Qe5 Kf7 50. Rc2 Qb5 51. Qe2 Qb8 52. Rb1 Ne4 53. Bd2 Qh8
54. Qd3 h5 55. Re1 Ndf6 56. h4 Qa8 57. Qf3 Rc8 58. a3 Rg8 59. Rxe4 fxe4 60. Qg2
b3 61. Rb2 a4 62. Kh1 Qa6 63. Bc3 Qd3 64. Be1 Qxd4 65. c6 Qc5 66. Bb4 Qxc6 67.
Qf2 e3+ 68. Qg2 Ne4 69. Be1 Qc1 70. Re2 Nxg3+ 71. Kh2 Nxe2 72. Qb7+ Kf6 0-1

[Event "Championnat de France 2006 - Vétérans"]
[Site "BESANCON"]
[Date "2006.08.19"]
[Round "5.2"]
[White "Peyrin, Jean"]
[Black "Goldenberg, Richard"]
[Result "0-1"]
[WhiteElo "2004"]
[BlackElo "2329"]
[PlyCount "56"]
[EventDate "2006.??.??"]

1. d4 g6 2. c4 Bg7 3. Nc3 d6 4. e4 e5 5. d5 Nd7 6. Nf3 a5 7. Be2 Nc5 8. O-O f5
9. exf5 Bxf5 10. Bg5 Nf6 11. Rc1 O-O 12. b3 Qe8 13. Nh4 Bd7 14. Qc2 e4 15. Qd2
Ng4 16. Bxg4 Bxg4 17. Nb5 Rf7 18. f3 exf3 19. gxf3 Bh3 20. Rfe1 Qd7 21. Re2
Raf8 22. Rce1 Be5 23. Nd4 Qg4+ 24. Kh1 Qxd4 25. Qxd4 Bxd4 26. Re7 Nd3 27. Rxf7
Rxf7 28. Re8+ Rf8 0-1

f8 0-1

[Event "Championnat de France 2006 - Vétérans"]
[Site "BESANCON"]
[Date "2006.08.19"]
[Round "5.3"]
[White "Cousin, Philippe"]
[Black "Oger, Claude"]
[Result "1/2-1/2"]
[WhiteElo "2019"]
[BlackElo "1962"]
[PlyCount "78"]
[EventDate "2006.??.??"]

1. d4 Nf6 2. Nf3 d5 3. c4 e6 4. Nc3 c6 5. e3 Bd6 6. Bd3 dxc4 7. Bxc4 O-O 8. e4
Bb4 9. Bd3 Be7 10. O-O Nbd7 11. e5 Nd5 12. Nxd5 cxd5 13. Qc2 h6 14. Bd2 Nb8 15.
Qc1 f5 16. exf6 Bxf6 17. Bb4 Be7 18. Bxe7 Qxe7 19. Ne5 Rd8 20. Qe3 Nc6 21. f4
Bd7 22. Rac1 Nxe5 23. fxe5 Rac8 24. Qg3 Rxc1 25. Rxc1 Be8 26. Bb1 Bh5 27. Qd3
g5 28. Qc3 Bg4 29. Qc7 Rd7 30. Qc3 Rd8 31. Rf1 Rf8 32. Rxf8+ Kxf8 33. h3 Bh5
34. Qc8+ Kg7 35. g4 Be8 36. Qc2 Kf8 37. a3 Qf7 38. Qf2 Ke7 39. Bd3 Kd8 1/2-1/2

[Event "Championnat de France 2006 - Vétérans"]
[Site "BESANCON"]
[Date "2006.08.19"]
[Round "5.4"]
[White "Duval, Michel"]
[Black "Ancival, Lucien"]
[Result "0-1"]
[WhiteElo "1801"]
[BlackElo "2044"]
[PlyCount "48"]
[EventDate "2006.??.??"]

1. e4 c5 2. Nf3 Nc6 3. d4 cxd4 4. Nxd4 Nf6 5. Nc3 e6 6. Nxc6 bxc6 7. Bd3 d5 8.
exd5 cxd5 9. O-O Be7 10. Bf4 O-O 11. Qf3 a6 12. Be5 Bb7 13. Qh3 g6 14. Ne2 Bd6
15. Bxd6 Qxd6 16. Rfd1 e5 17. f3 e4 18. fxe4 dxe4 19. Bxa6 Qxa6 20. Nc3 Kg7 21.
Qg3 Rfe8 22. Rd6 Qa7+ 23. Kh1 e3 24. Ne2 Ne4 0-1

[Event "Championnat de France 2006 - Vétérans"]
[Site "BESANCON"]
[Date "2006.08.19"]
[Round "5.5"]
[White "Degrave, Jack"]
[Black "Molet, Asher"]
[Result "1-0"]
[WhiteElo "2042"]
[BlackElo "1990"]
[PlyCount "111"]
[EventDate "2006.??.??"]

1. d4 d5 2. Nf3 e6 3. e3 f5 4. Be2 Nf6 5. Nbd2 Bd6 6. c4 c6 7. O-O Nbd7 8. c5
Bc7 9. b4 Ne4 10. Bb2 O-O 11. a4 g5 12. b5 g4 13. Ne5 Nxd2 14. Qxd2 Bxe5 15.
dxe5 cxb5 16. axb5 Nxc5 17. Qc2 b6 18. f3 gxf3 19. gxf3 Qg5+ 20. Kh1 Qxe3 21.
Ra3 Qh6 22. Bc1 Qh5 23. Bg5 Bb7 24. Bf6 Kf7 25. Ra4 Rg8 26. Rh4 Qg6 27. Bd1
Rac8 28. Qd2 h5 29. Rh3 Qh7 30. Qd4 Nd7 31. Be2 Nxf6 32. exf6 Qg6 33. Qf2 d4
34. Rh4 e5 35. Bd1 Bd5 36. Qb2 Rc3 37. Rh3 Qg5 38. Rg3 Qf4 39. Rxg8 Kxg8 40.
Qg2+ Qg4 41. fxg4 Bxg2+ 42. Kxg2 fxg4 43. Rf5 e4 44. Rxh5 e3 45. Bxg4 Kf7 46.
Rh6 Rc2+ 47. Kg3 Rf2 48. Bh5+ Kg8 49. Bf3 Kf7 50. Bd5+ Ke8 51. Be6 Kd8 52. Rh8+
Kc7 53. f7 d3 54. f8=Q Rxf8 55. Rxf8 d2 56. Bg4 1-0

[Event "Championnat de France 2006 - Accession"]
[Site "BESANCON"]
[Date "2006.08.21"]
[Round "6.1"]
[White "Edouard, Romain"]
[Black "Govciyan, Pavel"]
[Result "1/2-1/2"]
[WhiteElo "2404"]
[BlackElo "2397"]
[PlyCount "70"]
[EventDate "2006.??.??"]

1. e4 d5 2. exd5 Qxd5 3. Nc3 Qd6 4. d4 Nf6 5. Nf3 c6 6. Be3 Bg4 7. h3 Bxf3 8.
Qxf3 e6 9. O-O-O Qc7 10. Kb1 Nbd7 11. g4 h6 12. h4 O-O-O 13. Rg1 Nb6 14. g5
hxg5 15. hxg5 Nfd5 16. Bc1 Nxc3+ 17. Qxc3 Bd6 18. g6 f5 19. Re1 Qe7 20. Qf3
Rde8 21. Rh1 Rhf8 22. Rh7 Nd5 23. Bc4 Rf6 24. Qh5 Nf4 25. Bxf4 Bxf4 26. Rh8 Kc7
27. Rxe8 Qxe8 28. Qf3 Bd6 29. d5 e5 30. dxc6 Qxc6 31. Bd5 e4 32. Qb3 Qb6 33.
Qxb6+ Kxb6 34. Rg1 Bc5 35. Rg2 Rd6 1/2-1/2

[Event "Championnat de France 2006 - Accession"]
[Site "BESANCON"]
[Date "2006.08.21"]
[Round "6.2"]
[White "Feller, Sebastien"]
[Black "Benitah, Yohan"]
[Result "1/2-1/2"]
[WhiteElo "2345"]
[BlackElo "2406"]
[PlyCount "120"]
[EventDate "2006.??.??"]

1. d4 Nf6 2. c4 c5 3. d5 e6 4. Nc3 exd5 5. cxd5 d6 6. Nf3 g6 7. e4 Bg7 8. h3
O-O 9. Bd3 Re8 10. O-O Na6 11. Re1 Nc7 12. a4 Rb8 13. Nd2 a6 14. a5 Nd7 15. f4
b5 16. axb6 Nxb6 17. Nf3 Bd7 18. Bf1 Bb5 19. Nxb5 axb5 20. Qc2 Qd7 21. Ra7 b4
22. Bd2 Ra8 23. Rea1 Reb8 24. R1a5 Rxa7 25. Rxa7 Nc8 26. Ra5 Nb6 27. b3 Ra8 28.
Rxa8+ Ncxa8 29. Qa2 Qb7 30. Qa5 Nc7 31. g4 Nc8 32. Qa4 Nb6 33. Qa5 Nc8 34. Bc4
Qa7 35. Qxa7 Nxa7 36. e5 Nc8 37. Be3 Bf8 38. Nd2 Nb6 39. exd6 Bxd6 40. Ne4
Ncxd5 41. Bxd5 Nxd5 42. Nxd6 Nxe3 43. Ne4 c4 44. Kf2 Nxg4+ 45. hxg4 cxb3 46. g5
b2 47. Nd2 h5 48. gxh6 Kh7 49. Ke3 Kxh6 50. Kd3 Kh5 51. f5 g5 52. Kc2 Kg4 53.
f6 Kf5 54. Kxb2 Kxf6 55. Kb3 Ke5 56. Kxb4 Kf4 57. Kc3 Ke3 58. Nc4+ Ke2 59. Nd6
g4 60. Nxf7 g3 1/2-1/2

[Event "Championnat de France 2006 - Accession"]
[Site "BESANCON"]
[Date "2006.08.21"]
[Round "6.3"]
[White "Bleunven, Andre"]
[Black "Bijaoui, Manuel"]
[Result "0-1"]
[WhiteElo "2276"]
[BlackElo "2363"]
[PlyCount "106"]
[EventDate "2006.??.??"]

1. d4 Nf6 2. Nf3 g6 3. c4 Bg7 4. Nc3 O-O 5. e4 d6 6. Be2 e5 7. Be3 exd4 8. Nxd4
Re8 9. f3 Nc6 10. Qd2 Nh5 11. Bg5 Qd7 12. Nxc6 bxc6 13. g4 Nf6 14. O-O a5 15.
Rad1 Qe6 16. Rf2 a4 17. Qc2 a3 18. b3 h5 19. h3 Nh7 20. Bf4 Qf6 21. Bd2 Qh4 22.
Be1 Be5 23. Rg2 Qf6 24. h4 hxg4 25. fxg4 Nf8 26. Bf1 Ne6 27. Ne2 Nd4 28. Nxd4
Bxd4+ 29. Bf2 Bxf2+ 30. Qxf2 Qxf2+ 31. Kxf2 Rxe4 32. Be2 Bd7 33. Bf3 Re5 34.
Rd3 Rb8 35. Rg1 Kg7 36. Rgd1 c5 37. Kg3 Rbe8 38. Kf4 Rh8 39. Kg3 f5 40. gxf5
Bxf5 41. R3d2 Rhe8 42. Rh1 Kf6 43. Rhh2 Re1 44. Kf4 Ra1 45. Rdg2 Rf1 46. Rf2
Ree1 47. Rxf1 Rxf1 48. Rd2 Rb1 49. Ke3 Rb2 50. Bd1 Bb1 51. Rf2+ Ke5 52. Re2
Bxa2 53. Bc2 Bxb3 0-1

[Event "Championnat de France 2006 - Accession"]
[Site "BESANCON"]
[Date "2006.08.21"]
[Round "6.4"]
[White "Shoker, Samy"]
[Black "Letreguilly, Olivier"]
[Result "1-0"]
[WhiteElo "2355"]
[BlackElo "2313"]
[PlyCount "113"]
[EventDate "2006.??.??"]

1. g3 e5 2. Bg2 d5 3. d3 Nf6 4. Nd2 Bc5 5. e3 a5 6. Ne2 Nc6 7. O-O Be6 8. h3
O-O 9. c3 Re8 10. b3 Bf8 11. a3 Nd7 12. Qc2 f5 13. Bb2 Bf7 14. c4 dxc4 15. Nxc4
Nc5 16. Rad1 Qc8 17. Nc3 Ra6 18. d4 exd4 19. exd4 Ne4 20. d5 Nb8 21. Nxe4 fxe4
22. Ne5 Bh5 23. g4 Bd6 24. Qxe4 Nd7 25. f4 Bg6 26. Qe3 Bc5 27. Bd4 Bxa3 28. Qc3
Bb4 29. Qc4 Rd6 30. Rc1 Nf6 31. Nxg6 hxg6 32. Qxc7 Qxc7 33. Rxc7 Rd7 34. Rxd7
Nxd7 35. g5 Bd6 36. Bf3 Nc5 37. Bxc5 Bxc5+ 38. Kg2 Re3 39. Rb1 Kf7 40. Kg3 Ke7
41. Kg4 Kd6 42. h4 b5 43. Bg2 a4 44. bxa4 bxa4 45. Rb5 Re7 46. Ra5 Ra7 47. Rxa7
Bxa7 48. Be4 a3 49. Bb1 Kxd5 50. Bxg6 Ke6 51. Bb1 g6 52. Ba2+ Ke7 53. h5 gxh5+
54. Kxh5 Be3 55. f5 Kf8 56. f6 Bd4 57. Kg4 1-0

[Event "Championnat de France 2006 - Accession"]
[Site "BESANCON"]
[Date "2006.08.21"]
[Round "6.5"]
[White "Riff, Vincent"]
[Black "Chomet, Pascal"]
[Result "1/2-1/2"]
[WhiteElo "2328"]
[BlackElo "2350"]
[PlyCount "38"]
[EventDate "2006.??.??"]

1. e4 c5 2. Nf3 d6 3. Bb5+ Nd7 4. c3 a6 5. Ba4 c4 6. O-O Ngf6 7. d3 b5 8. Bc2
cxd3 9. Qxd3 Bb7 10. Qe2 e5 11. Rd1 Be7 12. Bg5 Qb6 13. Nbd2 O-O 14. Nf1 Rfe8
15. Ng3 h6 16. Be3 Qc7 17. Nh4 d5 18. exd5 Nxd5 19. Nhf5 Nxe3 1/2-1/2

[Event "Championnat de France 2006 - Accession"]
[Site "BESANCON"]
[Date "2006.08.21"]
[Round "6.6"]
[White "Jolly, Jean-Francois"]
[Black "Chernuschevich, Alexei"]
[Result "1/2-1/2"]
[WhiteElo "2266"]
[BlackElo "2524"]
[PlyCount "74"]
[EventDate "2006.??.??"]

1. e4 c5 2. Nf3 e6 3. d4 cxd4 4. Nxd4 a6 5. Nc3 Qc7 6. Be2 Nf6 7. O-O Nc6 8.
Be3 b5 9. f4 Bc5 10. Bf3 Qb6 11. Nce2 d5 12. e5 Ne4 13. Kh1 O-O 14. Bg1 Nxd4
15. Bxd4 f5 16. exf6 Nxf6 17. Qd3 Bb7 18. Qe3 Bxd4 19. Nxd4 Ne4 20. Rad1 Rf6
21. Bxe4 dxe4 22. f5 Raf8 23. Rfe1 exf5 24. Nxf5 Qc7 25. Qb3+ Kh8 26. Ne3 Qc5
27. Kg1 Bc8 28. Qd5 Qe7 29. Rf1 Rxf1+ 30. Rxf1 Rxf1+ 31. Kxf1 Be6 32. Qe5 Qf6+
33. Qxf6 gxf6 34. a3 f5 35. g3 Kg7 36. Ng2 Kf6 37. Kf2 Ke5 1/2-1/2

[Event "Championnat de France 2006 - Accession"]
[Site "BESANCON"]
[Date "2006.08.21"]
[Round "6.7"]
[White "Alanic, Xavier"]
[Black "Naudier, Serge"]
[Result "0-1"]
[WhiteElo "2202"]
[BlackElo "2277"]
[PlyCount "110"]
[EventDate "2006.??.??"]

1. e4 c5 2. c4 Nc6 3. Nc3 g6 4. d3 Bg7 5. Be3 d6 6. g3 e6 7. Bg2 Nge7 8. Nge2
Nd4 9. O-O Nec6 10. f4 b6 11. Qd2 Bb7 12. f5 Qe7 13. fxe6 fxe6 14. Bg5 Qd7 15.
Rf2 h6 16. Bf6 O-O 17. Raf1 Bxf6 18. Rxf6 Rxf6 19. Rxf6 Kg7 20. Rf2 Nxe2+ 21.
Nxe2 e5 22. a3 a6 23. b3 b5 24. h4 Rb8 25. Kh2 bxc4 26. bxc4 Ba8 27. Bh3 Qe7
28. Qc2 Nd4 29. Nxd4 exd4 30. Qd1 Bc6 31. h5 g5 32. Bf5 Be8 33. Kg2 a5 34. Qf3
Qf7 35. e5 dxe5 36. Qe4 Qc7 37. Bd7 Bxh5 38. Qf5 Qd6 39. Qe4 Bg6 40. Bf5 Be8
41. Qe1 Bc6+ 42. Kh2 Rf8 43. Kg1 e4 44. dxe4 Qxg3+ 45. Kf1 Qc3 46. Qxc3 dxc3
47. Ke1 Rb8 48. Rc2 Rb1+ 49. Ke2 Rb2 50. e5 Rxc2+ 51. Bxc2 Kf7 52. Bf5 c2 53.
Bxc2 Ke6 54. Kf2 Kxe5 55. Kg3 Bd7 0-1

[Event "Championnat de France 2006 - Accession"]
[Site "BESANCON"]
[Date "2006.08.21"]
[Round "6.8"]
[White "Philippe, Christophe"]
[Black "Karim, Ismael"]
[Result "1-0"]
[WhiteElo "2411"]
[BlackElo "2288"]
[PlyCount "87"]
[EventDate "2006.??.??"]

1. e4 e5 2. Nf3 Nc6 3. Bb5 a6 4. Ba4 Nf6 5. d3 d6 6. c3 g6 7. Bg5 Bg7 8. Nbd2
h6 9. Bh4 O-O 10. Nf1 b5 11. Bb3 Na5 12. Bc2 c5 13. Ne3 Bb7 14. Qe2 Qc7 15. g4
Nd7 16. Rg1 d5 17. exd5 Nb6 18. a4 e4 19. dxe4 Nac4 20. Bg3 Qd8 21. Kf1 Nxe3+
22. Qxe3 Nc4 23. Qf4 Rc8 24. Kg2 Nxb2 25. h4 Nc4 26. Rad1 Na3 27. Qc1 Nxc2 28.
Qxc2 Qd7 29. g5 Qg4 30. gxh6 Bxh6 31. Ne5 Qh5 32. Nd7 f5 33. Nxf8 Rxf8 34. Bd6
Re8 35. e5 Qg4+ 36. Kf1 Qh3+ 37. Ke1 Bf4 38. Qd3 Qxd3 39. Rxd3 Bxe5 40. Bxe5
Rxe5+ 41. Kd2 Kf7 42. d6 Re8 43. d7 Rd8 44. Rd6 1-0

[Event "Championnat de France 2006 - Accession"]
[Site "BESANCON"]
[Date "2006.08.21"]
[Round "6.9"]
[White "Olivier, Jean-Christophe"]
[Black "Pucher, Olivier"]
[Result "0-1"]
[WhiteElo "2392"]
[BlackElo "2257"]
[PlyCount "72"]
[EventDate "2006.??.??"]

1. e4 c5 2. Nf3 e6 3. d4 cxd4 4. Nxd4 Nc6 5. Nb5 d6 6. c4 Nf6 7. N1c3 a6 8. Na3
b6 9. Be2 Bb7 10. Be3 Be7 11. O-O O-O 12. Qb3 Nd7 13. Rfd1 Nc5 14. Qc2 Bf6 15.
Rac1 Qe7 16. Nab1 Nb4 17. Qd2 Rad8 18. Qe1 d5 19. exd5 exd5 20. cxd5 Nxd5 21.
Nxd5 Bxd5 22. Qb4 Qb7 23. Bf1 a5 24. Qb5 Bc6 25. Qe2 Rxd1 26. Rxd1 Re8 27. Nc3
Qb8 28. Qc4 Re6 29. Nd5 Bxb2 30. Rb1 Bxd5 31. Qxd5 Be5 32. Bxc5 Bxh2+ 33. Kh1
Re5 34. Rxb6 Rxd5 35. Rxb8+ Bxb8 36. Be3 Rh5+ 0-1

[Event "Championnat de France 2006 - Accession"]
[Site "BESANCON"]
[Date "2006.08.21"]
[Round "6.10"]
[White "Van Elst, Andreas"]
[Black "David, Vincent"]
[Result "1/2-1/2"]
[WhiteElo "2258"]
[BlackElo "2327"]
[PlyCount "40"]
[EventDate "2006.??.??"]

1. d4 d5 2. c4 dxc4 3. Nf3 e6 4. e3 a6 5. a4 Nf6 6. Bxc4 c5 7. O-O Nc6 8. Qe2
Qc7 9. Nc3 Bd6 10. Rd1 O-O 11. b3 Bd7 12. Bb2 cxd4 13. exd4 Nb4 14. Ne5 Bc6 15.
Rac1 Qe7 16. Nxc6 bxc6 17. Ne4 Nfd5 18. Nxd6 Qxd6 19. Ba3 Nf4 20. Qd2 Rfb8
1/2-1/2

[Event "Championnat de France 2006 - Accession"]
[Site "BESANCON"]
[Date "2006.08.21"]
[Round "6.11"]
[White "Houriez, Clement"]
[Black "Boudre, Jean-Pierre"]
[Result "1-0"]
[WhiteElo "2125"]
[BlackElo "2315"]
[PlyCount "53"]
[EventDate "2006.??.??"]

1. e4 e5 2. Nf3 Nc6 3. Bb5 a6 4. Bxc6 dxc6 5. O-O Bd6 6. d4 exd4 7. Qxd4 f6 8.
Be3 Ne7 9. Nbd2 Be6 10. Rad1 Ng6 11. Qc3 Qe7 12. a3 O-O 13. Nd4 Bd7 14. Rfe1
Rfe8 15. Nc4 Qxe4 16. Nxd6 cxd6 17. Qb3+ Kh8 18. Qxb7 Nh4 19. f3 Qg6 20. g3 c5
21. Ne2 Rab8 22. Qxd7 Nxf3+ 23. Kf2 Nxe1 24. Rxe1 Rbd8 25. Qa4 Qf5+ 26. Nf4 g5
27. g4 1-0

[Event "Championnat de France 2006 - Accession"]
[Site "BESANCON"]
[Date "2006.08.21"]
[Round "6.12"]
[White "Fargere, Francois"]
[Black "Crouan, Stephane"]
[Result "1/2-1/2"]
[WhiteElo "2311"]
[BlackElo "2253"]
[PlyCount "78"]
[EventDate "2006.??.??"]

1. e4 e5 2. Nf3 Nc6 3. Bb5 Nf6 4. O-O Nxe4 5. d4 Nd6 6. dxe5 Nxb5 7. a4 Nbd4 8.
Nxd4 Nxd4 9. Qxd4 d5 10. Nc3 c6 11. Be3 Bf5 12. f4 Qd7 13. a5 Bxc2 14. Rac1 Bf5
15. Na4 Be7 16. Nc5 Qc7 17. g4 Bxg4 18. f5 Bh5 19. Rfe1 O-O 20. f6 Bxc5 21.
Rxc5 Qd7 22. Rc2 Bg6 23. Rg2 Rfe8 24. fxg7 c5 25. Qxc5 Rxe5 26. Rc1 Rae8 27.
Bh6 Qe7 28. Qxe7 R5xe7 29. Bg5 Re1+ 30. Rxe1 Rxe1+ 31. Kf2 Re6 32. Be3 a6 33.
Rg5 Kxg7 34. Rxd5 Be4 35. Bd4+ f6 36. Rd7+ Kg6 37. Bc3 Bc6 38. Rd3 Kf5 39. Rh3
Kg6 1/2-1/2

[Event "Championnat de France 2006 - Accession"]
[Site "BESANCON"]
[Date "2006.08.21"]
[Round "6.17"]
[White "Fantin, Ludwig"]
[Black "Terrieux, Kevin"]
[Result "0-1"]
[WhiteElo "2226"]
[BlackElo "2343"]
[PlyCount "64"]
[EventDate "2006.??.??"]

1. e4 c5 2. Nf3 Nc6 3. d4 cxd4 4. Nxd4 Nf6 5. Nc3 e5 6. Ndb5 d6 7. Bg5 a6 8.
Na3 Be6 9. Nc4 Rc8 10. Bxf6 gxf6 11. Ne3 Ne7 12. Bd3 Bh6 13. Qf3 Bxe3 14. fxe3
Qb6 15. O-O Qxb2 16. Nd5 Bxd5 17. exd5 Qb6 18. Rab1 Qc7 19. Qxf6 Rf8 20. c4 b5
21. cxb5 Nxd5 22. Qf3 Nc3 23. b6 Qb8 24. Bxa6 Rc5 25. Rb3 f6 26. e4 Ke7 27. Kh1
Na4 28. b7 Rc7 29. Rb6 Nxb6 30. Qf5 Qa7 31. Qxh7+ Rf7 32. Qg8 Qxa6 0-1

[Event "Championnat de France 2006 - Accession"]
[Site "BESANCON"]
[Date "2006.08.21"]
[Round "6.20"]
[White "Therkildsen, Thomas"]
[Black "Heinis, Vincent"]
[Result "1-0"]
[WhiteElo "2285"]
[BlackElo "2164"]
[PlyCount "69"]
[EventDate "2006.??.??"]

1. e4 e6 2. Nf3 d5 3. e5 c5 4. b4 cxb4 5. a3 Nc6 6. axb4 Bxb4 7. c3 Be7 8. d4
f6 9. Bd3 fxe5 10. dxe5 Nh6 11. h4 Qc7 12. Bf4 O-O 13. g3 Bd7 14. Qe2 Rxf4 15.
gxf4 Rf8 16. Qe3 Nf5 17. Qd2 Na5 18. Qc2 a6 19. Nbd2 Bc5 20. h5 b5 21. Nh4 Qb6
22. Nxf5 exf5 23. Nf3 Nc4 24. Nh4 Qh6 25. Ng2 a5 26. Qe2 a4 27. Rh4 g5 28. hxg6
Qxg6 29. Rh5 Kh8 30. Rg5 Qb6 31. Qf3 Be6 32. Ke2 Nb2 33. Rh1 Rf7 34. Qg3 Qd8
35. Nh4 1-0

[Event "Championnat de France 2006 - Accession"]
[Site "BESANCON"]
[Date "2006.08.21"]
[Round "6.21"]
[White "Cappon, John"]
[Black "Debray, Christopher"]
[Result "0-1"]
[WhiteElo "2231"]
[BlackElo "2284"]
[PlyCount "66"]
[EventDate "2006.??.??"]

1. e4 c5 2. Nf3 d6 3. Bb5+ Bd7 4. Bxd7+ Qxd7 5. O-O Nf6 6. e5 dxe5 7. Nxe5 Qc7
8. d4 cxd4 9. Bf4 Qb6 10. Na3 e6 11. Nec4 Qc5 12. c3 dxc3 13. Rc1 Nd5 14. Be5
Nc6 15. Bxc3 Nxc3 16. Rxc3 Be7 17. Rb3 Rb8 18. Rb5 Qd4 19. Qb3 Qd7 20. Rd1 Qc7
21. Rh5 O-O 22. Qh3 Rfd8 23. Re1 h6 24. Qe3 Bg5 25. Rxg5 hxg5 26. Qxg5 Rd5 27.
Qg4 b5 28. Ne3 Rd2 29. Nac2 Ne5 30. Qe4 Rc8 31. Nd4 Nd3 32. Rf1 Qf4 33. Qb7 Rb8
0-1

[Event "Championnat de France 2006 - Accession"]
[Site "BESANCON"]
[Date "2006.08.21"]
[Round "6.22"]
[White "Clery, Nicolas"]
[Black "Moussard, Jules"]
[Result "0-1"]
[WhiteElo "2278"]
[BlackElo "2178"]
[PlyCount "64"]
[EventDate "2006.??.??"]

1. d4 Nf6 2. c4 g6 3. Nc3 d5 4. cxd5 Nxd5 5. Bd2 Bg7 6. e4 Nb6 7. Be3 O-O 8.
Bb5 a6 9. Be2 f5 10. exf5 gxf5 11. f4 N8d7 12. Qb3+ Kh8 13. Bf3 Nf6 14. Nge2 e6
15. Bf2 Nfd5 16. O-O c6 17. Rfd1 a5 18. a3 a4 19. Qa2 Qd6 20. g3 Bf6 21. Nxd5
Nxd5 22. Nc1 Rg8 23. Kh1 Nxf4 24. gxf4 Qxf4 25. Rd3 Qh6 26. b4 e5 27. Bg2 f4
28. Qe2 Qg5 29. Qf1 Bf5 30. dxe5 Bxe5 31. Rd4 Qh5 32. Qe2 Bg4 0-1

[Event "Championnat de France 2006 - Accession"]
[Site "BESANCON"]
[Date "2006.08.21"]
[Round "6.26"]
[White "Vernay, Clovis"]
[Black "Julian, Stephane"]
[Result "1-0"]
[WhiteElo "2321"]
[BlackElo "2186"]
[PlyCount "55"]
[EventDate "2006.??.??"]

1. d4 d5 2. c4 c6 3. Nf3 Nf6 4. Nc3 a6 5. c5 Bg4 6. Ne5 Bf5 7. h3 g6 8. g4 Be6
9. Bg2 Bg7 10. O-O Nfd7 11. f4 Nxe5 12. fxe5 O-O 13. Bf4 Nd7 14. b4 f6 15. exf6
Nxf6 16. a4 Ne4 17. Nxe4 dxe4 18. e3 Bc4 19. Rf2 Bd3 20. Bf1 e5 21. dxe5 Qh4
22. Bxd3 exd3 23. Kg2 Rad8 24. Ra3 Bxe5 25. Rxd3 Rxd3 26. Qxd3 g5 27. Qc4+ Rf7
28. Qxf7+ 1-0

[Event "Championnat de France 2006 - Accession"]
[Site "BESANCON"]
[Date "2006.08.21"]
[Round "6.39"]
[White "Lagarde, Maxime"]
[Black "Guennoun, Anthony"]
[Result "1-0"]
[WhiteElo "2091"]
[BlackElo "2159"]
[PlyCount "39"]
[EventDate "2006.??.??"]

1. e4 c5 2. Nf3 Nc6 3. Bb5 e6 4. O-O Nge7 5. c3 a6 6. Ba4 b5 7. Bc2 d5 8. exd5
Nxd5 9. d4 h6 10. Be3 Bb7 11. a4 b4 12. c4 Nxe3 13. fxe3 cxd4 14. Nxd4 Bc5 15.
Qh5 O-O 16. Qxc5 Rc8 17. Nxc6 Bxc6 18. Qxb4 Qg5 19. Qd2 Rfd8 20. Qf2 1-0